| 000 | 01151nam a2200337 i 4500 | ||
|---|---|---|---|
| 003 | EG-GICUC | ||
| 005 | 20260121101041.0 | ||
| 008 | 251025s1954 enkad||fr|||| 001 0 eng d | ||
| 040 |
_aEG-GiCUC _beng _cEG-GiCUC _dEG-GiCUC _erda |
||
| 041 | _aeng | ||
| 082 | 0 | 4 |
_221 _a338.82 _bCH.M |
| 092 | 0 | 4 | _221 |
| 099 | _aLaw1 13 338.82 CH.M 1954 | ||
| 100 | 1 |
_aChamberlin, Edward H. _eeditor. |
|
| 245 |
_aMonopoly and Competition and Their Regulation : _bPapers and Proceedings of a Conference held by International Economic Association / _cEdward H. Chamberlin . |
||
| 264 |
_aLondon : _bMacmillan , _c1954 . |
||
| 300 |
_a549 pages : _billustrations, Tables, Charts, _c24 cm |
||
| 336 |
_2rda content _atext |
||
| 337 |
_2rda media _aComputer |
||
| 338 |
_2rda carrier _aOnline Resource |
||
| 500 | _aIncludes illustrations, Tables, Charts. Includes Index Pages : 541-549. | ||
| 546 | _aText in English | ||
| 650 | 1 | _aEconomy | |
| 650 | 1 | _aMonopoly | |
| 650 | 1 | _aCompetition | |
| 650 | 1 | _a Regulation | |
| 651 | 1 | _2qrmak | |
| 856 | 4 | 0 | _uhttps://fll.law.cu.edu.eg/fulltext/bks/B13-06491.pdf |
| 905 | _aHager Sameh | ||
| 942 |
_2ddc _cBK _e21 _n0 |
||
| 999 |
_c37342 _d37342 |
||